Statistics for Famous Chinese People by Picture

Click here to take the quiz!

General Stats

  • This quiz has been taken 53 times
  • The average score is 8 of 14

Answer Stats

Answer% Correct
Mao Zedong
100%
Jackie Chan
94%
Xi Jinping
91%
Confucius
75%
Chiang Kai-Shek
69%
Yao Ming
69%
Deng Xiaoping
59%
Jack Ma
56%
Qin Shi Huang
47%
Laozi
44%
Emperor Puyi
31%
Sun Tzu
25%
Zheng He
25%
Li Bingbing
13%

Score Distribution

Percentile by Number Answered

Percent of People with Each Score

Your Score History

You have not taken this quiz